د و پہر کی د ھو پ (Record no. 167770)

MARC details
000 -LEADER
fixed length control field 00638nam a22001937a 4500
005 - DATE AND TIME OF LATEST TRANSACTION
control field 20190918172458.0
010 ## - LCCN (DPL NO)
LC control number UR-10479
020 ## - INTERNATIONAL STANDARD BOOK NUMBER
Terms of availability 300.00
International Standard Book Number -
035 ## - SYSTEM CONTROL NUMBER
System control number U-9034
037 ## - SOURCE OF ACQUISITION
Source of stock number/acquisition DBAD/PUB
Stock number -
082 ## - DEWEY DECIMAL CLASSIFICATION NUMBER
Classification number 841
100 ## - MAIN ENTRY--PERSONAL NAME
Personal name قيو م کنو ل
245 ## - TITLE STATEMENT
Title د و پہر کی د ھو پ
Statement of responsibility, etc قيو م کنو ل
246 ## - VARYING FORM OF TITLE
Remainder of title Dopahar ki Dhoop Urdu)
Title proper/short title by Mohd. Qaiyum Kanwal
260 ## - PUBLICATION, DISTRIBUTION, ETC. (IMPRINT)
Place of publication, distribution, etc Gujrat
Name of publisher, distributor, etc Mohd. Qaiyum Kanwal
Date of publication, distribution, etc 2017 ء
270 ## - ADDRESS
Address Muqeem Sehts Chawl Nr,Gomtipur Under Bridge Gomtipur Road
City Ahmadabad
Postal code 380021
Telephone number 9925410493
Fax number -
300 ## - PHYSICAL DESCRIPTION
Extent 228 ص
Dimensions 22 Cm(Hb)
942 ## - ADDED ENTRY ELEMENTS (KOHA)
Source of classification or shelving scheme Dewey Decimal Classification
Item type Urdu Bks
Classification part 841
Call number suffix ک ن و
Holdings
Withdrawn status Lost status Not for loan Collection code Home library Current library Date acquired Source of acquisition Cost, normal purchase price Full call number Barcode Copy number Cost, replacement price Koha item type
    Not For Loan Non-fiction D.B.Act.Division D.B.Act.Division 18/09/2019 DBAD/PUB 300.00 841 ک ن و U-9034 1 300.00 Urdu Bks

© Delhi Public Library
Hit Counter
free hit counter